Clueless #19 - Statistics

General Stats
  • This quiz has been taken 1,885 times
    782 since last reset
  • The average score is 153 of 355
Answer Stats
Word % Correct
     I'd     
97%
     me      
97%
     my      
97%
     My      
97%
      I      
97%
     my      
97%
      I      
97%
      a      
96%
      A      
96%
     the     
91%
     The     
91%
     the     
91%
    into    
85%
     is      
85%
     was     
85%
    were    
85%
    we've    
85%
     was     
85%
    were    
85%
     he      
84%
     He      
84%
   you're    
84%
     him     
83%
     his     
83%
   that's    
83%
     our     
82%
     we      
82%
     you     
82%
     You     
82%
    your    
82%
     We      
81%
    been    
80%
    maybe    
80%
     be      
80%
     be      
80%
     To      
79%
     to      
79%
     to      
78%
     and     
76%
     And     
76%
     her     
76%
     she     
76%
   they'd    
76%
     and     
76%
     And     
76%
   inside    
75%
     in      
75%
     In      
75%
   friend    
74%
    Son,    
74%
    that    
74%
    That    
74%
    those    
74%
    went    
74%
    boys    
74%
    that    
74%
     Did     
73%
     do      
73%
     Do      
73%
    they    
73%
    They    
73%
   people    
73%
    Them    
73%
    Man,    
72%
     man     
72%
     men     
72%
   this'll   
71%
   This'll   
71%
    can't    
69%
     on      
69%
     so?     
68%
     So      
67%
     day     
66%
     no      
66%
     No      
66%
     day     
66%
  couldn't  
65%
  wouldn't  
65%
   lovers    
64%
    love    
64%
     It      
64%
     it      
63%
    Eight    
62%
     can     
62%
     Can     
62%
     one     
62%
     ten     
62%
    three    
62%
    When    
62%
    bride    
61%
    died    
61%
    died?    
61%
     for     
61%
     die     
61%
    But,    
60%
    knew    
60%
    know    
60%
     but     
60%
     But     
60%
     of      
60%
     but     
60%
    girl    
59%
    have    
59%
     had     
59%
     saw     
59%
  half-time  
58%
    time    
57%
    with    
57%
    With    
56%
    good    
56%
    could    
55%
    Could    
55%
  American  
55%
     if      
54%
     If      
54%
     ole     
53%
     how     
52%
    sang    
52%
    tells    
52%
    what    
52%
   singing   
52%
   singin'   
52%
   spoken    
52%
   singin'   
52%
   Singin'   
52%
     not     
51%
    Where    
51%
    Miss    
51%
     Pie     
51%
     who     
50%
    Chevy    
50%
    there    
49%
  drinking  
49%
  Something  
48%
    Drove    
48%
     bye     
48%
    heard    
47%
    said    
47%
    take    
47%
    Bye,    
47%
   whiskey   
47%
    made    
46%
    make    
46%
    levee    
46%
     dry     
46%
    music    
45%
   pickup    
45%
     rye     
45%
   fallout   
44%
    long    
44%
     God     
44%
     ago     
43%
     all     
42%
     out     
42%
     up      
42%
    Bible    
41%
    down    
41%
     as      
41%
    some    
41%
  remember  
41%
    about    
40%
    from    
40%
    happy    
40%
   dancin'   
39%
    dance    
39%
     got     
39%
    while    
39%
    While    
39%
   'Cause    
38%
    just    
38%
   believe   
37%
   cried,    
37%
    cried    
37%
    more    
37%
    still    
37%
    used    
37%
    years    
37%
    book    
36%
     Bad     
36%
     Now     
36%
    news    
36%
    Now,    
36%
    read    
36%
    come    
35%
   Father,   
34%
   looking   
34%
    came    
34%
    king    
34%
    left    
34%
    night    
34%
    smile    
34%
    soul?    
34%
   smiled    
34%
    blues    
33%
     fat     
33%
     off     
33%
     Oh,     
33%
     Oh      
33%
    above    
32%
    every    
32%
    faith    
32%
     own     
32%
    start    
32%
   started   
32%
   chance    
31%
    play    
31%
    real    
31%
    rock    
31%
    roll?    
31%
    truck    
31%
    write    
31%
   played    
31%
   players   
31%
   rolling   
31%
    never    
30%
    deep    
29%
    last    
29%
    save    
29%
    teach    
29%
  doorstep  
28%
    Holy    
28%
    James    
28%
    rite    
28%
    word    
28%
   broken    
27%
    break    
27%
    Dean    
27%
    Ghost    
27%
    Jack    
27%
    luck    
27%
     gym     
27%
     met     
27%
    shoes    
27%
   touched   
27%
   dreamed   
26%
    dark    
26%
    Marx    
26%
    most    
26%
    only    
26%
    queen    
26%
    slow?    
26%
    step    
26%
    stone    
26%
    Well,    
26%
   rhythm    
26%
   before    
25%
   Lennon    
25%
   mortal    
25%
    away    
25%
    light    
25%
    lost    
25%
    paper    
25%
  children  
24%
  courtroom  
24%
  February  
24%
   deliver   
24%
    both    
24%
    place    
24%
    tried    
24%
   shiver    
24%
   widowed   
24%
   falling   
23%
   jester    
23%
   kicked    
23%
   lonely    
23%
    again    
23%
    asked    
23%
    crown    
23%
     sat     
23%
   teenage   
23%
  carnation  
22%
    grows    
22%
    hands    
22%
     dig     
22%
    stole    
22%
   turned    
22%
  sidelines  
22%
  laughing  
21%
    Heck    
21%
    pink    
21%
  borrowed  
20%
    band    
20%
    moss    
20%
    park    
20%
 candlestick 
19%
   church    
19%
   devil's   
19%
    buck    
19%
    coat    
19%
    fire    
19%
    flew    
19%
    high    
19%
    quick    
19%
    Satan    
19%
    store    
19%
    tune    
19%
   nimble,   
19%
   Satan's   
19%
  returned  
19%
  adjourned  
18%
  marching  
18%
   admire    
18%
    birds    
18%
    fast    
18%
    field    
18%
    space    
18%
   recall    
18%
   thorny    
18%
   verdict   
18%
  broncin'  
17%
    bells    
17%
    coast    
17%
    pass    
17%
    sweet    
17%
    train    
17%
    voice    
17%
   shelter   
17%
   summer    
17%
   watched   
17%
   caught    
16%
    angel    
16%
    miles    
16%
   refused   
16%
   streets   
16%
 generation  
15%
   forward   
15%
   Helter    
15%
    cast    
15%
     air     
15%
    poets    
15%
    spell    
15%
    yield    
15%
   delight   
14%
   dirges    
14%
   landed    
14%
    born    
14%
    rage    
14%
    stage    
14%
   perfume   
14%
   sacred    
14%
   skelter   
14%
  practiced  
14%
  screamed  
14%
  clenched  
13%
    fists    
13%
    Flash    
13%
    grass    
13%
   swelter   
13%
 sacrificial 
13%
  revealed  
12%
   flames    
11%
   quartet   
11%
   climbed   
10%
  sergeants  
10%
    foul    
9%
No matching quizzes found
Score Distribution
Percent of People with Each Score
Percentile by Number Answered
Your Score History
You have not taken this quiz since the last reset